Statistiques concernant Paroles - Nekfeu - Nouvel Homme

Cliquez ici pour prendre le quiz!

Statistiques générales

  • Ce quiz a été pris 60 fois
  • Le résultat moyen est 236 sur 368

Statistiques - réponses

Paroles% Correct
Je
93%
je
93%
le
93%
Un
93%
un
93%
de
89%
à
85%
homme,
85%
homme
85%
homme,
85%
La
85%
la
85%
Nouvel
85%
nouvel
85%
pour
85%
en
81%
suis
81%
ma
78%
Ta
78%
ta
78%
Tu
78%
tu
78%
du
74%
et
74%
J'ai
74%
son
74%
sur
74%
te
74%
jamais
70%
les
70%
Les
70%
oeil
70%
oeil,
70%
c'est
67%
comme
67%
dans
67%
Dans
67%
mon
67%
pas
67%
qui
67%
t'es
67%
tes
67%
T'es
67%
au
63%
Level
63%
level
63%
père
63%
up,
63%
autre
59%
développe
59%
famille
59%
fils
59%
que
59%
qu'on
59%
Si
59%
biff,
56%
biz
56%
ceux
56%
Enveloppe
56%
moi
56%
Quand
56%
âgées
52%
coeur,
52%
coeur
52%
commencé
52%
d'un
52%
GAV
52%
Mais
52%
on
52%
personnes
52%
Pourtant
52%
récupère
52%
seul
52%
toi
52%
tout
52%
très
52%
celle
48%
chez
48%
chinoise
48%
eu
48%
mômes,
48%
ombre
48%
poitrine
48%
ton
48%
veut
48%
Voix
48%
Car
44%
compressées
44%
connue
44%
dessiné
44%
Dieu
44%
douche
44%
honte
44%
l'album,
44%
ness-bi,
44%
plus
44%
précède
44%
sachet
44%
schéma
44%
sont
44%
cette
41%
d'avoir
41%
Défauts
41%
livre
41%
n'entend
41%
nombreux
41%
nue
41%
princesse
41%
projetée
41%
qualités
41%
sages
41%
sortie
41%
t'ai
41%
tournes
41%
vent
41%
vision
41%
aperçue
37%
coupable
37%
m'as
37%
n'ai
37%
prenais
37%
ronne-da
37%
Rwanda
37%
sentais
37%
T'as
37%
vis-à-vis
37%
vu
37%
vu,
37%
fond
33%
France
33%
histoire
33%
ient-cli
33%
J'me
33%
quel
33%
ressens
33%
role-pa
33%
sais
33%
s'est
33%
ventre
33%
bientôt
30%
fois
30%
folle
30%
ient-cli
30%
m'appartenait
30%
parle
30%
peurs
30%
première
30%
regard
30%
chérie
26%
khotba
26%
mouillé
26%
pardonnait
26%
point
26%
pourquoi
26%
Dahl
22%
d'doutes
22%
droite
22%
J'sais
22%
Roald
22%
esprit
19%
t'enlevant
19%

Distribution des résultats

Percentile par nombre de réponses

% des personnes avec chaque résultat

Votre développement - résultats

Vous n’avez pas pris ce quiz